000 01138 a2200229 4500
003 Nust
005 20250919162924.0
010 _a 96014120
020 _a1571690212
040 _cNust
082 0 0 _a005.262,PAN
100 1 _aPandolfi, Fred.
_9130498
245 1 0 _aMicrosoft Foundation Class 4 bible /
_cFred Pandolfi, Mike Oliver, Michael Wolski.
246 3 _aMicrosoft Foundation Class four bible
260 _aCorte Madera, CA :
_bWaite Group Press,
_c1996.
300 _axx, 1132 p. :
_bill. ;
_c23 cm. +
_e1 computer laser optical disk (4 3/4 in.)
505 _aWindows programming (Page-1), The MFC framework (Page-11), Application classes (Page-53), Windows messaging (Page-103), The MFC window (Page-166), Document/view (Page-241), Frame windows (Page-339), Dialog boxes (Page-403), Windows control (Page-503), Menus and controls bars (Page-677), Device contexis (Page-745),The MFC GDI (Page-901), Collection classes (Page-995), Debugging and exception handling (Page-1093).
_g.
650 0 _aC++ (Computer program language)
700 1 _aOliver, Mike.
_9130499
700 1 _aWolski, Michael.
_9130500
942 _2ddc
_cBK
999 _c176550
_d176550